Geografía militar de Marruecos / (Record no. 43631)

MARC details
000 -LEADER
campo de control de longitud fija 00706nam a2200205 i 4500
001 - NÚMERO DE CONTROL
campo de control 43631
003 - IDENTIFICADOR DE NÚMERO DE CONTROL
campo de control ES-MaACL
005 - FECHA Y HORA DE LA ÚLTIMA TRANSACCIÓN
campo de control 20230906160840.0
007 - CAMPO FIJO DE DESCRIPCIÓN FÍSICA--INFORMACIÓN GENERAL
campo de control de longitud fija t|
008 - DATOS DE LONGITUD FIJA--INFORMACIÓN GENERAL
campo de control de longitud fija 030318s1884 sp ||||1| spa d
100 1# - ENTRADA PRINCIPAL--NOMBRE DE PERSONA
Nombre de persona Cervera Baviera, Julio.
9 (RLIN) 37637
245 10 - MENCIÓN DEL TÍTULO
Título Geografía militar de Marruecos /
Mención de responsabilidad, etc. por Julio Cervera Baviera.
260 ## - PUBLICACIÓN, DISTRIBUCIÓN, ETC.
Lugar de publicación, distribución, etc. Barcelona :
Nombre del editor, distribuidor, etc. Administración Militar de la Revista Científico-Militar,
Fecha de publicación, distribución, etc. 1884.
300 ## - DESCRIPCIÓN FÍSICA
Extensión 192 p. :
Otras características físicas 1 map. ;
Dimensiones 19 cm.
490 1# - MENCIÓN DE SERIE
Mención de serie Publicaciones de la Revista Científico-Militar
651 #4 - PUNTO DE ACCESO ADICIONAL DE MATERIA--NOMBRE GEOGRÁFICO
Nombre geográfico Marruecos-
Subdivisión general Descripción.
9 (RLIN) 9025
830 0# - PUNTO DE ACCESO ADICIONAL DE SERIE-TÍTULO UNIFORME
Título uniforme Publicaciones de la Revista Científico-Militar
9 (RLIN) 181177
852 ## - LOCALIZACIÓN
Ubicación ES-MaACL
Número de control de estantería G-9478
Holdings
Estatus retirado Estado de pérdida Estado de daño No para préstamo Colección Biblioteca de origen Biblioteca actual Ubicación en estantería Fecha de adquisición Fuente de adquisición Total de préstamos Signatura topográfica completa Código de barras Visto por última vez Precio de reemplazo Tipo de ítem Koha
        Libros del s. XIX Biblioteca del Ateneo de Madrid Biblioteca del Ateneo de Madrid Sala Pecera Planta 3 17/01/2008     G-9478 1045929 23/02/2023 23/02/2023 Libro impreso antiguo